1123 1228 1571 1287 1249 1131 1456 1707 1948 1455 1532 1201 1705 1043 1720 1042 1145 1197 1572 1199 1247 1267 1771 1673 1255 1321 1295 1516 1464 1479 1201 1027 1793 1063 1709 1187 1593 1660 1430 1082 1460 1472 1926 1755 1547 1574 1756 1095 1827 1914 1421 1492 1556 1378 1484 1671 1865 1700 1130 1179 1688 1425 1354 1992 1680 1717 1005 1115 1360 1547 1954 1789 1360 1608 1943 1168 1540 1074 1114 1075 1972 1896 1000 1539 1503 1205 1303 1274 1483 1155 1669 1055 1918 1103 1195 1827 1972 1144 1732 BCNSPRNW ULIB Ver.6.0+V

เปลี่ยนเป็นภาษาไทย

Change to English
 แสดงรายละเอียดบรรณานุกรม
  กลับหน้าหลัก

Brief Record : Get Marc (ISO 2709) : E-mail record : QR code < ปิดหน้าต่าง
LEADER : 00000nam 2200000uu 4500
001    13399114558
003     ULIB
008    110627s2549||||th 000 0 tha d
020    9789749987049
090    นว.^bน111
100 0  Sunshine
245 00  เนฟเวอร์ นัม = Never numb ภาค Sky brade /^cSunshine
250    พิมพ์ครั้งที่ 1
260    กรุงเทพฯ :^bกู๊ดมอร์นิ่ง,^c2549
300    400 หน้า
710 1  กู๊ดมอร์นิ่ง
945    ^p299^l0^i021001
995    ทศพร
999 ^a ใช้งานได้ทุกระบบ
รายการนี้ยังไม่มีแท็ก
คุณยังไม่ได้ล็อกอิน คุณสามารถมีกิจกรรมร่วมกับเว็บไซต์ได้ แต่ต้องล็อกอินก่อน ::
  ล็อกอิน

รายการสื่อสารสนเทศ

ลำดับที่ ประเภท เลขเรียก/บาร์โค้ด สถานที่ สถานะ
1. นวนิยาย
นวนิยาย
นว. น111 ฉ.1 
  Barcode: 021001
ห้องสมุดวิทยาเขตสวรรค์ประชารักษ์
►นวนิยาย
บนชั้น
  ขอยืม

รายการใกล้เคียง
    ผู้แต่ง [Sunshine]

BibComment


ยังไม่เคยถูกคอมเมนท์

คอมเมนท์ทรัพยากรรายการนี้
  คอมเมนท์: เนฟเวอร์ นัม Ne..


 Copyright 2026. Bcnsprnw @Library